[Event "Halver-ch"]
[Site "Halver"]
[Date "2005.03.04"]
[Round "5"]
[White "Kelbling, Philipp"]
[Black "Van der Gaag, Eric"]
[Result "1-0"]
[WhiteElo "1574"]
[BlackElo "1865"]
[PlyCount "57"]
[EventDate "2005.01.21"]
[EventType "swiss"]
[EventRounds "9"]
[EventCountry "GER"]
[SourceTitle "EXT 2007"]
[Source "ChessBase"]
[SourceDate "2006.11.23"]
[SourceVersion "1"]
[SourceVersionDate "2006.11.23"]
[SourceQuality "1"]

1. e4 g6 2. d4 Bg7 3. f4 d6 4. Nc3 c6 5. Nf3 b5 6. a3 Nd7 7. Bd3 Bb7 8. Be3 a6 9. 0-0 c5 10. Kh1 cxd4 11. Bxd4 Ngf6 12. e5 dxe5 13. fxe5 Ng4 14. e6 Bxd4 15. exf7+ Kf8 16. Nxd4 Bxg2+ 17. Kxg2 Ne3+ 18. Kh1 Nc5 19. Qf3 Nxf1 20. Rxf1 Rc8 21. Qh3 h5 22. b4 e5 23. bxc5 exd4 24. Ne4 Rc6 25. Qg3 h4 26. Qf4 Rh5 27. Nd6 Rh7 28. Re1 Rxf7 29. Qxf7# 1-0

[Event "August Kuemmel Memorial 31st"]
[Site "Darmstadt"]
[Date "1998.07.02"]
[Round "6"]
[White "Zoelch, Andre"]
[Black "Van der Gaag, Eric"]
[Result "0-1"]
[WhiteElo "1598"]
[BlackElo "1856"]
[PlyCount "100"]
[EventDate "1998.04.16"]
[EventType "swiss"]
[EventRounds "7"]
[EventCountry "GER"]
[SourceTitle "EXT 2007"]
[Source "ChessBase"]
[SourceDate "2006.11.23"]
[SourceVersion "1"]
[SourceVersionDate "2006.11.23"]
[SourceQuality "1"]

1. Nc3 e6 2. Nf3 Nf6 3. e4 d5 4. exd5 exd5 5. g3 Bg4 6. Bg2 Bb4 7. Qe2+ Qe7 8. Qxe7+ Bxe7 9. d3 0-0 10. 0-0 c6 11. Ne5 Bf5 12. Bg5 h6 13. Bxf6 Bxf6 14. Rae1 Nd7 15. Nxd7 Bxd7 16. Na4 b6 17. Re2 Rae8 18. Rfe1 Rxe2 19. Rxe2 Bg4 20. f3 Bd7 21. Kf1 Re8 22. Rxe8+ Bxe8 23. Bh3 Kf8 24. b4 c5 25. Nxc5 bxc5 26. bxc5 Bd4 27. Bc8 Bc6 28. f4 Bxc5 29. Ke2 d4 30. Ba6 Ba4 31. Kd2 Bb4+ 32. Kd1 Bd7 33. Bc4 Bg4+ 34. Kc1 a5 35. Kb2 Ke7 36. a3 Bc3+ 37. Kc1 Be1 38. Kb2 Bd7 39. Bd5 a4 40. Bf3 Kd6 41. g4 g6 42. Kc1 Bf2 43. f5 g5 44. Kd2 Be3+ 45. Kd1 Bc6 46. Be2 Bg2 47. c3 dxc3 48. Kc2 Bd4 49. Bd1 Bd5 50. Kb1 Bb3 0-1

[Event "August Kuemmel Memorial 31st"]
[Site "Darmstadt"]
[Date "1998.06.25"]
[Round "5"]
[White "Supper, Wolfgang"]
[Black "Van der Gaag, Eric"]
[Result "0-1"]
[WhiteElo "1679"]
[BlackElo "1856"]
[PlyCount "42"]
[EventDate "1998.04.16"]
[EventType "swiss"]
[EventRounds "7"]
[EventCountry "GER"]
[SourceTitle "EXT 2007"]
[Source "ChessBase"]
[SourceDate "2006.11.23"]
[SourceVersion "1"]
[SourceVersionDate "2006.11.23"]
[SourceQuality "1"]

1. e4 e6 2. d4 d5 3. Nc3 Nf6 4. e5 Nfd7 5. f4 c5 6. Nf3 Nc6 7. Be3 cxd4 8. Bxd4 a6 9. a3 Nxd4 10. Nxd4 Bc5 11. b4 Ba7 12. Nce2 Nb6 13. c3 Bd7 14. Ng3 Qc7 15. Qf3 Rc8 16. Rc1 Na4 17. Nh5 Bxd4 18. Nxg7+ Kf8 19. Nh5 Bxc3+ 20. Kf2 Bd4+ 21. Kg3 Rg8+ 0-1